Loading...
Science - Physics | 0 | 8 | 0 | 4 | 80 | 86 | 110.75 | 2 | 8 |
Science - Chemistry | 0 | 5 | 1 | 2 | 45 | 57 | 90.40 | 1 | 5 |
Chemistry> | 0 | 2 | 0 | 0 | 20 | 81 | 87.50 | 1 | 2 |
Other Science: Computer Science | 0 | 2 | 0 | 0 | 20 | 99 | 99.50 | 1 | 2 |
Other Science: Math | 0 | 2 | 0 | 1 | 20 | 80 | 116.00 | 0 | 2 |
Fine Arts - Visual Fine Arts | 0 | 1 | 0 | 0 | 10 | 138 | 138.00 | 1 | 1 |
Literature - British Literature | 1 | 0 | 1 | 0 | 10 | 71 | 71.00 | 1 | 1 |
Other Science: Earth Science | 0 | 1 | 0 | 0 | 10 | 122 | 122.00 | 1 | 1 |
Other Science: Astronomy | 0 | 1 | 0 | 0 | 10 | 76 | 76.00 | 0 | 1 |
Current Events | 0 | 1 | 0 | 0 | 10 | 82 | 82.00 | 0 | 1 |
Literature - European Literature | 0 | 1 | 1 | 0 | 5 | 82 | 82.00 | 1 | 1 |
Science - Biology | 0 | 2 | 3 | 0 | 5 | 93 | 115.00 | 1 | 2 |
Social Science | 0 | 0 | 1 | 0 | -5 | 0.00 | 0 | 0 |